000 01153nam a2200325 c 4500
001 19278
003 ES-MaCES
005 20150929124622.0
008 060824s2005 sp l o000 | spa d
017 _aLR 342-2005
_bDL
035 _aCES20060011462m
040 _aES-MaCES
_bspa
_cES-MaCES
110 2 _aConsejo Económico y Social de La Rioja
_92443
245 1 0 _aDictamen 4-2005 sobre el Proyecto de decreto por el que se regula la obra social de las cajas de ahorros, en desarrollo de la Ley 6/2004, de 18 de octubre, de cajas de ahorros de La Rioja
_cConsejo Económico y Social de La Rioja
260 _aLogroño
_bCES
_c[2005]
300 _a5 p.
_c21 cm
500 _aTít. tomado de la cub.
541 _cGratuito
650 4 _abanco
_928104
650 4 _apapel social
_927285
650 4 _aparticipación social
_927284
650 4 _aLa Rioja (Comunidad Autónoma)
_930883
650 4 _arégimen jurídico
_929894
650 4 _adictamen
_930802
653 1 0 _aAsuntos Sociales
650 4 _929763
_agrupo de ahorro y crédito
902 _aLIB Libro
942 _2CES
_cBK
_h3.3.
999 _c19278
_d19278